| 000 | 01027nam a22002417a 4500 | ||
|---|---|---|---|
| 003 | 0 | ||
| 005 | 20250117095051.0 | ||
| 008 | 250117b xxu||||| |||| 00| 0 eng d | ||
| 050 |
_aRA 418 _b.Al41 2024 |
||
| 100 | _aAl Jabarry, Rozan D. | ||
| 245 |
_aIdentify and create a call number in LCC for the research title. Exploring the health promotion practices and social support among adolescent mothers in barangay bf international CAA, towards the proposal of a health program _cRozan D. Al Jabarry [and four others] |
||
| 260 |
_aLas Pinas City _bSouthville International School and Colleges _c2024 |
||
| 300 |
_aviii, 163 pages : _billustrations ; _c28cm. |
||
| 504 | _aIncludes bibliographical references and appendices. | ||
| 650 | _aSocial Support--Community Health. | ||
| 650 | _aHealth Promotion -- Public Health. | ||
| 650 | _aMaternal--Child Health. | ||
| 700 | _aAlvarez, Harriet | ||
| 700 | _aBeyer, Denise Dominique | ||
| 700 | _aBriones, Sophia Isabel | ||
| 700 | _aLuedtke, Vandana | ||
| 942 |
_2lcc _cTH |
||
| 999 |
_c367006 _d367006 |
||